000 00360nam a2200133Ia 4500
008 250520s9999 xx 000 0 und d
020 _a9788120835344
100 _aBRONKHORST, JOHANNES
245 0 _aGREATER MAGADHA STUDIES IN THE CULTURES OF EARLY INDIA
260 _bMOTILAL BANARSIDASS, DELHI
_c2013
300 _a414
650 _aCulture
942 _cBK
999 _c220575
_d220575